A közlekedési bűncselekmények egyes minősítési és elhatárolási kérdései

Elmentve itt :
Bibliográfiai részletek
Szerző: Szaniszló Dániel
További közreműködők: Törő Sándor (Témavezető)
Dokumentumtípus: Szakdolgozat
Megjelent: 2010
Tárgyszavak:
Law
Online Access:http://diploma.bibl.u-szeged.hu/128403
LEADER 00742nta a2200193 i 4500
001 dipl128403
005 20220801140814.0
008 220801s2010 hu om 0|| zxx d
040 |a SZTE Diploma Repozitórium  |b hun 
041 |a zxx 
100 1 |a Szaniszló Dániel 
245 1 2 |a A közlekedési bűncselekmények egyes minősítési és elhatárolási kérdései  |h [elektronikus dokumentum] /  |c Dániel Szaniszló 
246 1 0 |a Qualification questions of traffic crimes  |h [elektronikus dokumentum] 
260 |c 2010 
650 4 |a Jogi és igazgatási tanulmányok 
650 4 |a Social sciences 
650 4 |a Law 
700 1 |a Törő Sándor  |e ths 
856 4 0 |u http://diploma.bibl.u-szeged.hu/id/eprint/128403/1/2010_szaniszlo_daniel.pdf  |z Dokumentum-elérés